| 000 | 00704nam a22002177a 4500 | ||
|---|---|---|---|
| 003 | OSt | ||
| 005 | 20140310182953.0 | ||
| 008 | 130206t xxu||||| |||| 00| 0 eng d | ||
| 020 | _a9789719393429 | ||
| 050 |
_aHF 5686.C7 _b.V234 2010 |
||
| 100 | _aValencia, Edwin. | ||
| 245 |
_aPartnership and corportion accounting : _bconcepts, principles, procedures and applications / _cEdwin G. Valencia, Gregorio F. Roxas, Darrell Joe O. Asuncion. |
||
| 260 |
_aBaguio City : _bValencia educational supply, _c2009. |
||
| 300 |
_a612 p. : _c25 cm. |
||
| 521 | _aBSBA | ||
| 630 |
_aPartnership _xAccounting |
||
| 630 |
_aCorporation _xAccounting |
||
| 942 |
_2lcc _cBK _kFOR |
||
| 999 |
_c17954 _d17954 |
||